| 000 | 00836nam a22002177a 4500 | ||
|---|---|---|---|
| 005 | 20250614114505.0 | ||
| 008 | 250614b |||||||| |||| 00| 0 eng d | ||
| 037 | _cTB | ||
| 040 |
_aCRL _cCRL |
||
| 041 |
_2pun _aPun |
||
| 084 |
_aO153,1NTA:g Q5 _qCRL |
||
| 100 |
_aਸਿੰਘ, ਗੁਰਮੋਹਿੰਦਰ _9812873 |
||
| 245 |
_aਤਾਰਾ ਸਿੰਘ ਕਾਵਿ ਅਧਿਐਨ _b; by ਸਿੰਘ ਗੁਰਮੋਹਿੰਦਰ |
||
| 260 |
_aਦਿੱਲੀ, ਭਾਰਤ: _bਮ. ਪ. ਪਰਕਾਸ਼ਨ, _c2015. |
||
| 300 | _a96 ਪ. | ||
| 365 |
_b200.00 _cINR |
||
| 650 | _aਪੰਜਾਬੀ ਸਾਹਿਤ | ||
| 650 | _aਪੰਜਾਬੀ ਕਾਵਿ | ||
| 942 |
_2CC _cTB _hO153,1NTA:g Q5 _n0 |
||
| 999 |
_c1431735 _d1431735 |
||